00218nam a2200085Ia 4500082002000000100001800020245002700038260005800065300000900123 aRR 029.0954 KES aKesavan, B.S. 0aDocumentation in India aDelhibIndian National Scientific Documentationc1968 a34p.